Get the Picture: Greek or Roman Gods Quiz Stats

 Plays Quiz Updated Mar 12, 2019

Score 0/16 Timer 03:00
3 Plays Today
Question Answer Wrong Answers
Aphrodite Greek
91.1%
Roman
6.1%
Poseidon Greek
88.3%
Roman
9.1%
Hera Greek
88.2%
Roman
9%
Hermes Greek
87.9%
Roman
9.1%
Artemis Greek
87.3%
Roman
9.8%
Mars Roman
86.7%
Greek
10.2%
Juno Roman
85.9%
Greek
11.3%
Vulcan Roman
84.8%
Greek
12.4%
Janus Roman
83.4%
Greek
13.7%
Ares Greek
83.4%
Roman
13.8%
Neptune Roman
81.7%
Greek
15.8%
Demeter Greek
80.2%
Roman
16.8%
Vesta Roman
78.4%
Greek
18.7%
Hestia Greek
75.2%
Roman
21.8%
Minerva Roman
70.3%
Greek
27%
Ceres Roman
57.4%
Greek
39.8%

Today's Daily Dose

Missing Word
Video Games (A-Z)

Get the Picture
Tom Hanks

You're not logged in!

Compare scores with friends on all Sporcle quizzes.
OR
Log In

Sporcle TV

Today on Sporcle TV


Watch our educational content, quiz creation guides, and fun videos on Sporcle TV.

Show Comments

Extras

Top Quizzes Today


Score Distribution

Your Account Isn't Verified!

In order to create a playlist on Sporcle, you need to verify the email address you used during registration. Go to your Sporcle Settings to finish the process.

Report this User

Report this user for behavior that violates our Community Guidelines.

Details: